[Event "European Rapid 2015"]
[Site "Minsk BLR"]
[Date "2015.12.19"]
[Round "4.44"]
[White "Cherenkov, Andrey"]
[Black "Loginov, Valery A"]
[Result "0-1"]
[WhiteTitle "FM"]
[BlackTitle "GM"]
[WhiteElo "2225"]
[BlackElo "2486"]
[WhiteFideId "4185315"]
[BlackFideId "4126297"]
[EventDate "2015.12.19"]

1. e4 c5 2. Nc3 Nc6 3. g3 g6 4. Bg2 Bg7 5. d3 d6 6. Be3 e5 7. Qd2 Be6 8. Nge2
Qd7 9. h4 h5 10. O-O-O Nge7 11. f3 Nd4 12. f4 Rc8 13. Nd5 Nxd5 14. exd5 Bg4 15.
Bxd4 cxd4 16. Kb1 O-O 17. Rdf1 Rc5 18. Nc1 Rfc8 19. Nb3 Rxc2 20. Qxc2 Rxc2 21.
Kxc2 Qc7+ 22. Kb1 Be2 23. Rc1 Bxd3+ 24. Ka1 Qb6 25. Nd2 exf4 26. Rc8+ Kh7 27.
Nf3 Bf6 28. Re1 Bb5 29. Ng5+ Kg7 30. Ne4 Be5 31. gxf4 Bxf4 32. Bf1 d3 33. Rd1
Bd7 34. Rc4 Bg4 35. Rb1 d2 36. Nc3 Be5 37. Be2 Bxe2 0-1

[Event "European Rapid 2015"]
[Site "Minsk BLR"]
[Date "2015.12.19"]
[Round "4.45"]
[White "Chekhova-Kostina, Tatiana M"]
[Black "Teterev, Vitaly"]
[Result "0-1"]
[WhiteTitle "WIM"]
[BlackTitle "GM"]
[WhiteElo "2246"]
[BlackElo "2494"]
[WhiteFideId "4106377"]
[BlackFideId "13501429"]
[EventDate "2015.12.19"]

1. d4 Nf6 2. Nc3 d5 3. Bg5 Nbd7 4. Nf3 h6 5. Bh4 e6 6. e3 Bb4 7. a3 Bxc3+ 8.
bxc3 c5 9. c4 O-O 10. cxd5 exd5 11. Be2 Qa5+ 12. Qd2 Qxd2+ 13. Nxd2 cxd4 14.
exd4 Re8 15. Kd1 Ne4 16. Bd3 Nc3+ 17. Kc1 Nb6 18. f3 Bd7 19. Nb3 Bb5 20. Kd2
Bxd3 21. cxd3 Rac8 22. Nc5 Ne2 23. Bf2 Nf4 24. Rhe1 Nxg2 25. Rxe8+ Rxe8 26. Nxb7
Nf4 27. Be3 Ng6 28. Nc5 Nh4 29. Rf1 g5 30. a4 f5 31. a5 Nc8 32. Nd7 Re6 33. Ne5
Ra6 34. Rc1 Ne7 35. Rc5 Kg7 36. Bf2 Nhg6 37. Nxg6 Kxg6 38. Rc7 Kf6 39. Rc5 Ke6
40. h4 g4 41. fxg4 fxg4 42. Be3 h5 43. Bg5 Nc6 44. Ke3 g3 45. Rc1 Kf5 46. Rc5
Kg4 47. Rxd5 Kh3 48. Bf4 Rxa5 49. Rg5 Rxg5 50. hxg5 g2 51. Kf2 Nxd4 52. g6 Nf3
53. Be3 g1=Q+ 54. Kxf3 Qxg6 55. d4 Qf5+ 56. Ke2 a5 0-1

[Event "European Rapid 2015"]
[Site "Minsk BLR"]
[Date "2015.12.19"]
[Round "4.46"]
[White "Valov, Ilya"]
[Black "Kulaots, Kaido"]
[Result "0-1"]
[WhiteTitle "FM"]
[BlackTitle "GM"]
[WhiteElo "2228"]
[BlackElo "2574"]
[WhiteFideId "4199251"]
[BlackFideId "4500261"]
[EventDate "2015.12.19"]

1. d4 Nf6 2. Nf3 g6 3. c4 Bg7 4. Nc3 d5 5. Bg5 Ne4 6. Bh4 Nxc3 7. bxc3 dxc4 8.
e3 b5 9. a4 c6 10. Be2 Nd7 11. Nd2 Nb6 12. Bf3 Nd5 13. Qc2 h6 14. h3 a6 15. O-O
O-O 16. Rfb1 Be6 17. Ne4 Bf5 18. g4 Bxe4 19. Bxe4 Qd7 20. Bg2 e5 21. Bg3 exd4
22. cxd4 Nb6 23. axb5 axb5 24. Qe4 Nd5 25. Qc2 Rfc8 26. Kh2 Rxa1 27. Rxa1 c5 28.
Be5 Bxe5+ 29. dxe5 Qe6 30. Qe4 Nc3 31. Qf4 g5 32. Qg3 b4 33. f4 b3 34. f5 Qe7
35. e4 Ne2 0-1

[Event "European Rapid 2015"]
[Site "Minsk BLR"]
[Date "2015.12.19"]
[Round "4.47"]
[White "Matinian, Nikita"]
[Black "Arshaev, Ajush"]
[Result "1-0"]
[WhiteTitle "IM"]
[WhiteElo "2470"]
[BlackElo "2152"]
[WhiteFideId "24129100"]
[BlackFideId "4107780"]
[EventDate "2015.12.19"]

1. e4 e5 2. Nf3 Nc6 3. Bb5 a6 4. Ba4 Nf6 5. O-O Be7 6. Re1 b5 7. Bb3 d6 8. c3
Na5 9. Bc2 c5 10. d4 Qc7 11. Nbd2 O-O 12. Nf1 cxd4 13. cxd4 Bg4 14. Ne3 Bxf3 15.
gxf3 Nc6 16. Nf5 Nxd4 17. Nxd4 exd4 18. Bf4 Nd7 19. Rc1 Qb6 20. Bg3 Bf6 21. f4
Rfe8 22. Qh5 g6 23. Qd5 Qc5 24. Bb3 Qxd5 25. Bxd5 Rac8 26. Rxc8 Rxc8 27. e5 dxe5
28. fxe5 Nb6 29. Bb7 Re8 30. Bxa6 b4 31. Bb5 Re6 32. Ba6 Re8 33. f4 Be7 34. Bf2 1-0

[Event "European Rapid 2015"]
[Site "Minsk BLR"]
[Date "2015.12.19"]
[Round "4.48"]
[White "Faizrakhmanov, Ramil"]
[Black "Vlassow, Valentin"]
[Result "1-0"]
[WhiteTitle "FM"]
[BlackTitle "FM"]
[WhiteElo "2426"]
[BlackElo "2262"]
[WhiteFideId "24103209"]
[BlackFideId "4164008"]
[EventDate "2015.12.19"]

1. d4 d5 2. c4 Bf5 3. Nc3 e6 4. Nf3 Nf6 5. Bf4 Be7 6. e3 O-O 7. Be2 dxc4 8. Bxc4
c5 9. O-O Nc6 10. dxc5 Bxc5 11. a3 Ne4 12. Rc1 Qxd1 13. Rfxd1 Rfd8 14. Rxd8+
Rxd8 15. g4 Bg6 16. Nxe4 Bxe4 17. Ng5 Bg6 18. Nxe6 fxe6 19. Bxe6+ Kf8 20. Rxc5
Be4 21. Rc1 Rd2 22. b4 g5 23. Bxg5 Ne5 24. Rc8+ Kg7 25. Rg8# 1-0

[Event "European Rapid 2015"]
[Site "Minsk BLR"]
[Date "2015.12.19"]
[Round "4.49"]
[White "Bognar, Csaba Dr."]
[Black "Bodnaruk, Anastasia"]
[Result "1/2-1/2"]
[WhiteTitle "FM"]
[BlackTitle "IM"]
[WhiteElo "2227"]
[BlackElo "2456"]
[WhiteFideId "709760"]
[BlackFideId "4181751"]
[EventDate "2015.12.19"]

1. d4 d6 2. c4 e5 3. e4 exd4 4. Qxd4 Nc6 5. Qd1 g6 6. Bd3 Bg7 7. Ne2 Nge7 8. O-O
O-O 9. Nbc3 Ne5 10. f4 Nxd3 11. Qxd3 f5 12. Ng3 fxe4 13. Ncxe4 d5 14. Ng5 dxc4
15. Qxc4+ Nd5 16. N3e4 h6 17. Rd1 c6 18. Nf3 Be6 19. Nc5 Bf7 20. Ne5 Qh4 21. g3
Qh5 22. Qc2 b6 23. Ncd3 Rad8 24. Bd2 c5 25. Re1 Be6 26. Nc6 Rd6 27. Nde5 Bf5 28.
Qc4 Kh7 29. Nxa7 g5 30. Nac6 gxf4 31. Bxf4 Nxf4 32. Qxf4 Re6 33. g4 Bxg4 34.
Qxg4 Qxg4+ 35. Nxg4 Rxc6 36. Re2 Rg6 37. Rg2 Bd4+ 38. Kh1 h5 39. h3 hxg4 40.
hxg4 Rh6+ 41. Rh2 Rxh2+ 42. Kxh2 Rf2+ 43. Kg3 Rxb2 44. Rh1+ Kg6 45. a4 Ra2 46.
Rb1 Rb2 47. Rh1 Rb4 48. Kf3 Rxa4 49. Ke4 b5 50. Kd5 b4 51. Kc4 Ra3 52. Rb1 Rc3+
53. Kd5 b3 1/2-1/2

[Event "European Rapid 2015"]
[Site "Minsk BLR"]
[Date "2015.12.19"]
[Round "5.6"]
[White "Savchenko, Boris"]
[Black "Harutjunyan, Gevorg"]
[Result "1/2-1/2"]
[WhiteTitle "GM"]
[BlackTitle "GM"]
[WhiteElo "2612"]
[BlackElo "2436"]
[WhiteFideId "4147332"]
[BlackFideId "13300873"]
[EventDate "2015.12.19"]

1. e4 c6 2. Nc3 d5 3. Nf3 Bg4 4. d4 e6 5. h3 Bh5 6. g4 Bg6 7. exd5 cxd5 8. Ne5
Nc6 9. Nxg6 hxg6 10. Ne2 Bd6 11. Bg2 Nf6 12. b3 Rc8 13. c4 Qa5+ 14. Kf1 dxc4 15.
bxc4 O-O 16. g5 Nh5 17. Qb3 Qa6 18. Qb5 Qxb5 19. cxb5 Na5 20. h4 Rc7 21. Rh3
Rfc8 22. Be4 Kf8 23. Rb1 Ke7 24. Rd3 Rc2 25. Rf3 R2c7 26. Bd2 Nc4 27. Bc3 Rh8
28. Re1 Na3 29. d5 e5 30. Bxe5 Bxe5 31. Rxa3 Kd6 32. Rxa7 Nf4 33. b6 Rd7 34. Ng3
Rxh4 35. Bf3 f5 36. gxf6 gxf6 37. Ne4+ Ke7 38. d6+ Kf8 39. Nc5 Rdh7 40. Kg1 Nh3+
41. Kf1 Nf4 42. Kg1 Nh3+ 43. Kf1 Nf4 44. Kg1 1/2-1/2

[Event "European Rapid 2015"]
[Site "Minsk BLR"]
[Date "2015.12.19"]
[Round "5.7"]
[White "Tukhaev, Adam"]
[Black "Mamedov, Rauf"]
[Result "1/2-1/2"]
[WhiteTitle "GM"]
[BlackTitle "GM"]
[WhiteElo "2564"]
[BlackElo "2650"]
[WhiteFideId "14109476"]
[BlackFideId "13401653"]
[EventDate "2015.12.19"]

1. e4 c5 2. Nf3 d6 3. d4 Nf6 4. Nc3 cxd4 5. Nxd4 g6 6. Be3 Bg7 7. f3 Nc6 8. Qd2
O-O 9. g4 Be6 10. Nxe6 fxe6 11. O-O-O Ne5 12. Be2 Qc8 13. Bh6 Bxh6 14. Qxh6 Qc5
15. h4 Rac8 16. Qd2 Kh8 17. Kb1 b5 18. Nxb5 Nxf3 19. Bxf3 Qxb5 20. g5 Nd7 21.
Bg4 Qe5 22. Qd4 Qxd4 23. Rxd4 Rf2 24. Rc1 Nc5 25. e5 dxe5 26. Rc4 Rf4 27. Bxe6
Rc7 28. Bd5 e6 29. Rxf4 exf4 30. Bh1 a5 31. Re1 h6 32. Re5 hxg5 33. hxg5 Kg7 34.
c3 Kf7 35. Kc2 Ke7 36. Re2 Kd6 37. Rh2 Ke5 38. b4 Na4 39. Kb3 Nxc3 40. bxa5 Nd5
41. Rh8 Rc3+ 42. Ka4 f3 43. Rf8 Nf4 44. Bxf3 Rxf3 45. a6 Rf2 46. a3 Rb2 47. Rxf4
Rb6 48. Rf6 Rxa6+ 49. Kb4 Rb6+ 50. Kc5 Ra6 51. Kb4 Rb6+ 52. Ka5 Rb8 53. Rxg6
Ra8+ 54. Kb4 Rb8+ 55. Kc4 Rc8+ 56. Kb3 Rb8+ 57. Ka2 Kd5 58. Rg7 e5 59. g6 e4 60.
Re7 Rg8 61. g7 Kd6 62. Rxe4 Rxg7 63. Rc4 Rc7 64. Rxc7 1/2-1/2

[Event "European Rapid 2015"]
[Site "Minsk BLR"]
[Date "2015.12.19"]
[Round "5.10"]
[White "Roiz, Michael"]
[Black "Pavlov, Sergey2"]
[Result "1/2-1/2"]
[WhiteTitle "GM"]
[BlackTitle "IM"]
[WhiteElo "2594"]
[BlackElo "2454"]
[WhiteFideId "2804158"]
[BlackFideId "14114330"]
[EventDate "2015.12.19"]

1. Nf3 d5 2. d4 Nf6 3. c4 e6 4. Nc3 dxc4 5. e3 a6 6. a4 b6 7. Bxc4 Bb7 8. O-O
Bb4 9. Qe2 O-O 10. Rd1 Nbd7 11. Bd3 c5 12. Na2 Ba5 13. e4 c4 14. Bc2 b5 15. Bg5
Qe8 16. axb5 axb5 17. Nc3 b4 18. Nb5 Qb8 19. Bxf6 Nxf6 20. e5 b3 21. Bb1 Bxf3
22. Qxf3 Nd5 23. Nd6 c3 24. bxc3 Bxc3 25. Rxa8 Qxa8 26. Be4 Qa5 27. h4 1/2-1/2

[Event "European Rapid 2015"]
[Site "Minsk BLR"]
[Date "2015.12.19"]
[Round "5.11"]
[White "Mirzoev, Emil"]
[Black "Kovalev, Vladislav"]
[Result "1/2-1/2"]
[BlackTitle "GM"]
[WhiteElo "2424"]
[BlackElo "2546"]
[WhiteFideId "14108640"]
[BlackFideId "13504398"]
[EventDate "2015.12.19"]

1. d4 Nf6 2. c4 g6 3. Nc3 Bg7 4. e4 d6 5. Bd3 O-O 6. Nge2 Nc6 7. O-O Nd7 8. Bc2
e5 9. d5 Nd4 10. Nxd4 exd4 11. Ne2 Ne5 12. Bb3 c5 13. dxc6 Nxc6 14. Bc2 Nb4 15.
Bb1 Be6 16. a3 Nc6 17. Bd3 a5 18. f4 f5 19. exf5 Bxf5 20. Bxf5 Rxf5 21. Ng3 Rf8
22. Qb3 Qd7 23. Bd2 Kh8 24. Rae1 Ne7 25. Re2 d5 26. Qb5 1/2-1/2

[Event "European Rapid 2015"]
[Site "Minsk BLR"]
[Date "2015.12.19"]
[Round "5.12"]
[White "Kochetkov, German"]
[Black "Petrosian, Tigran L."]
[Result "0-1"]
[WhiteTitle "IM"]
[BlackTitle "GM"]
[WhiteElo "2338"]
[BlackElo "2625"]
[WhiteFideId "13500635"]
[BlackFideId "13301616"]
[EventDate "2015.12.19"]

1. f4 g6 2. Nf3 Bg7 3. g3 c5 4. Bg2 Nc6 5. O-O e6 6. d3 Nge7 7. e4 O-O 8. c4 d6
9. Nc3 a6 10. Be3 Nd4 11. Qd2 Nec6 12. Rad1 b5 13. e5 dxe5 14. fxe5 Rb8 15. cxb5
Nxf3+ 16. Bxf3 Nxe5 17. Be2 axb5 18. Bxc5 Bb7 19. Bxf8 Qd4+ 20. Rf2 Rxf8 21. Qf4
Qb6 22. d4 Nc4 23. Bxc4 bxc4 24. Ne4 Qc6 25. d5 exd5 26. Nf6+ Kh8 27. Qh4 h6 28.
Nxd5 f5 29. Qe7 Ba8 30. Qc7 Qa4 31. Rfd2 Qe8 32. Qxc4 g5 33. Re2 Qh5 34. Rde1 f4
35. Re7 fxg3 36. hxg3 Qf3 37. Re8 Qxg3+ 38. Kh1 Qf3+ 39. Kh2 Bxd5 40. Rxf8+ Qxf8
41. Qe2 Qf4+ 42. Kh3 Qh4# 0-1

[Event "European Rapid 2015"]
[Site "Minsk BLR"]
[Date "2015.12.19"]
[Round "5.13"]
[White "Stupak, Kirill"]
[Black "Efanov, Nikolai"]
[Result "1-0"]
[WhiteTitle "GM"]
[BlackTitle "IM"]
[WhiteElo "2542"]
[BlackElo "2399"]
[WhiteFideId "13503758"]
[BlackFideId "4187997"]
[EventDate "2015.12.19"]

1. d4 d6 2. g3 g6 3. Bg2 Bg7 4. e4 Nf6 5. Nc3 O-O 6. Nge2 e5 7. O-O Nc6 8. dxe5
dxe5 9. Bg5 Be6 10. Nd5 Bxd5 11. exd5 Ne7 12. c4 h6 13. Bd2 Nf5 14. Bc3 Qe7 15.
Qb3 b6 16. Rfe1 Nd7 17. Bh3 Qg5 18. Qc2 Rfd8 19. Bxf5 Qxf5 20. Qxf5 gxf5 21. f4
f6 22. Rf1 Rf8 23. Kg2 Kh7 24. Ng1 Rae8 25. Nf3 exf4 26. gxf4 Rg8 27. Nd4 Re4
28. Kf3 Rge8 29. Rae1 Bf8 30. Nxf5 Nc5 31. Ng3 Rxe1 32. Rxe1 Re7 33. Rxe7+ Bxe7
34. Nf5 Bf8 35. Nd4 a6 36. Bb4 Kg6 37. a3 Bd6 38. Bxc5 bxc5 39. Ne2 Kh5 40. Ng3+
Kg6 41. Ke4 h5 42. Nf5 Bf8 43. Nh4+ Kf7 44. Kf5 Bh6 45. Nf3 Bf8 46. Nd2 Bd6 47.
Ne4 Be7 48. h4 Bf8 49. Ng3 1-0

[Event "European Rapid 2015"]
[Site "Minsk BLR"]
[Date "2015.12.19"]
[Round "5.16"]
[White "Bocharov, Dmitry"]
[Black "Faizrakhmanov, Ramil"]
[Result "1-0"]
[WhiteTitle "GM"]
[BlackTitle "FM"]
[WhiteElo "2558"]
[BlackElo "2426"]
[WhiteFideId "4138716"]
[BlackFideId "24103209"]
[EventDate "2015.12.19"]

1. c4 Nf6 2. g3 c6 3. Bg2 d5 4. Nf3 Bg4 5. Ne5 Be6 6. cxd5 Bxd5 7. Nf3 c5 8. Nc3
Bc6 9. O-O e6 10. d3 Be7 11. e4 Nbd7 12. Qe2 O-O 13. d4 cxd4 14. Nxd4 e5 15. Nf5
g6 16. Nxe7+ Qxe7 17. Be3 Rfd8 18. Rad1 Nb6 19. Bg5 Qe6 20. Rxd8+ Rxd8 21. f4
Rf8 22. f5 Qd6 23. Bh6 Re8 24. fxg6 hxg6 25. Qf3 Nbd7 26. Bh3 Qd4+ 27. Be3 Qc4
28. Rc1 Qb4 29. Rf1 Qc4 30. Bg2 Re6 31. g4 Rd6 32. g5 Nh5 33. Nd5 Bxd5 34. exd5
f5 35. Rc1 Qxa2 36. Qf2 e4 37. Bf1 Kh7 38. Bc4 Qa5 39. Bd4 Nb6 40. Bb3 Nxd5 41.
Rc5 Qa1+ 42. Qf1 Qxf1+ 43. Kxf1 Nb6 44. Bc3 Rd7 45. Re5 Nf4 46. Re8 Rg7 47. Be5
Nd3 48. Bg8+ Rxg8 49. Re7+ Rg7 50. Rxg7+ Kh8 51. Bd4 f4 52. Rxg6+ Kh7 53. Rg7+
Kh8 54. g6 1-0

[Event "European Rapid 2015"]
[Site "Minsk BLR"]
[Date "2015.12.19"]
[Round "5.17"]
[White "Nazaretyan, Tigran"]
[Black "Ragger, Markus"]
[Result "0-1"]
[BlackTitle "GM"]
[WhiteElo "2301"]
[BlackElo "2687"]
[WhiteFideId "24162345"]
[BlackFideId "1610856"]
[EventDate "2015.12.19"]

1. d4 d5 2. c4 c6 3. Nf3 Nf6 4. Nc3 dxc4 5. a4 Bf5 6. e3 e6 7. Bxc4 Bb4 8. O-O
Nbd7 9. Qe2 Bg6 10. Bd2 O-O 11. h3 a5 12. Rfd1 Qe7 13. Ne5 Nxe5 14. dxe5 Nd7 15.
f4 Rfd8 16. Be1 Nc5 17. Rxd8+ Rxd8 18. Rd1 Rxd1 19. Qxd1 Qd7 20. Qxd7 Nxd7 21.
e4 Nc5 22. b3 Bxe4 23. Nxe4 Nxe4 24. Bxb4 axb4 25. f5 exf5 26. e6 Kf8 27. exf7
g6 28. g4 fxg4 29. hxg4 b6 30. Kg2 Ke7 31. Be2 Nd2 32. Bd1 c5 33. Kf2 Ne4+ 34.
Ke3 Nd6 35. Kf4 Nxf7 36. g5 Kd6 37. Bf3 Ne5 38. Be4 c4 39. bxc4 Nxc4 40. Bc2 Kd5
41. Bb3 Kd4 42. Ba2 Kc3 43. Ke4 b3 44. Bxb3 Kxb3 45. Kd5 Kxa4 0-1

[Event "European Rapid 2015"]
[Site "Minsk BLR"]
[Date "2015.12.19"]
[Round "5.19"]
[White "Pankov, German"]
[Black "Motylev, Alexander"]
[Result "0-1"]
[WhiteTitle "IM"]
[BlackTitle "GM"]
[WhiteElo "2404"]
[BlackElo "2653"]
[WhiteFideId "4174569"]
[BlackFideId "4121830"]
[EventDate "2015.12.19"]

1. d4 d5 2. Nf3 Nf6 3. c4 c6 4. e3 Bf5 5. Nc3 e6 6. Nh4 Bg6 7. Qb3 Qc7 8. Bd2
Ne4 9. Rc1 Nxd2 10. Kxd2 Qb6 11. Nxg6 hxg6 12. Qxb6 axb6 13. cxd5 exd5 14. Bd3
Nd7 15. Kc2 b5 16. Kb1 b4 17. Ne2 Bd6 18. h3 Ke7 19. Rhe1 Ra5 20. Rcd1 Rha8 21.
Nc1 Nf6 22. f3 Bg3 23. Re2 Nh5 24. Bc2 Kd6 25. Bb3 Re8 26. Nd3 f5 27. Rdd2 Bh4
28. g4 Ng3 29. Re1 g5 30. Rdd1 Re7 31. Nxb4 f4 32. Nc2 Ra8 33. exf4 gxf4 34.
Rxe7 Bxe7 35. Nb4 Bf6 36. Nd3 g5 37. Nf2 Ne2 38. h4 gxh4 39. Nh3 Rf8 40. g5 Bg7
41. Rd3 Nxd4 42. Bd1 Be5 43. Rd2 Nf5 44. Bc2 Ne3 45. Bd3 b5 46. g6 Rg8 47. Ng5
Bf6 48. Nf7+ Ke6 49. Rh2 c5 50. Nh6 Rg7 51. Kc1 c4 52. Bb1 b4 53. Re2 d4 54.
Bf5+ Kd6 55. Be4 d3 56. Rf2 Kc5 57. b3 Bc3 58. bxc4 Rd7 59. Rd2 Bxd2+ 60. Kxd2
Nxc4+ 0-1

[Event "European Rapid 2015"]
[Site "Minsk BLR"]
[Date "2015.12.19"]
[Round "5.20"]
[White "Zvjaginsev, Vadim"]
[Black "Dzhumagaliev, Yan"]
[Result "1-0"]
[WhiteTitle "GM"]
[BlackTitle "FM"]
[WhiteElo "2662"]
[BlackElo "2400"]
[WhiteFideId "4113403"]
[BlackFideId "24100110"]
[EventDate "2015.12.19"]

1. e4 c5 2. Nf3 Nc6 3. Bb5 e6 4. O-O Nge7 5. c3 a6 6. Be2 d6 7. d4 e5 8. dxc5
dxc5 9. Qxd8+ Kxd8 10. Ng5 Ke8 11. Bc4 Nd8 12. Rd1 Nec6 13. Be3 f6 14. Nf3 Ne6
15. a4 Nc7 16. a5 Bg4 17. Nbd2 Nd4 18. cxd4 cxd4 19. Bxd4 exd4 20. h3 Bh5 21.
Nb3 Bxf3 22. gxf3 Rd8 23. Nxd4 g6 24. Ne6 Nxe6 25. Bxe6 Bd6 26. Bd5 Rd7 27. Bxb7
Bh2+ 28. Kxh2 Rxb7 29. Rd6 Ke7 30. Rxa6 Rxb2 31. Kg3 Rc8 32. Rb6 Rxb6 33. axb6
Rb8 34. Rb1 Rb7 35. f4 Kd8 36. e5 Ke7 37. Kf3 f5 38. Ke3 Kd8 39. Kd4 Rd7+ 40.
Kc5 Kc8 41. e6 Rd2 42. e7 1-0

[Event "European Rapid 2015"]
[Site "Minsk BLR"]
[Date "2015.12.19"]
[Round "5.21"]
[White "Ambartsumova, Karina"]
[Black "Smirin, Ilia"]
[Result "0-1"]
[WhiteTitle "WGM"]
[BlackTitle "GM"]
[WhiteElo "2267"]
[BlackElo "2658"]
[WhiteFideId "4166299"]
[BlackFideId "2801990"]
[EventDate "2015.12.19"]

1. e4 c5 2. Nf3 e6 3. d4 cxd4 4. Nxd4 a6 5. Bd3 Bc5 6. Nb3 Ba7 7. O-O Nc6 8. Qe2
d6 9. Be3 Nf6 10. c4 e5 11. Nc3 O-O 12. Rfd1 Be6 13. Bxa7 Rxa7 14. Qe3 b6 15.
Rac1 Nd7 16. Nd5 Nc5 17. Bb1 Rd7 18. Rd2 a5 19. Rcd1 a4 20. Nc1 Nd4 21. b4 axb3
22. axb3 Bxd5 23. exd5 Ra7 24. b4 Nd7 25. Nb3 Ra3 26. Rd3 Nxb3 27. Rxb3 Rxb3 28.
Qxb3 f5 29. f3 Qg5 30. Qd3 g6 31. Bc2 Ra8 32. Bb3 h5 33. Qd2 Qxd2 34. Rxd2 Ra3
35. Rb2 Kg7 36. Kf2 Kf6 37. Ke3 g5 38. Rb1 g4 39. Kd3 Kg5 40. Ke3 Nf6 41. Ke2
gxf3+ 42. gxf3 Kf4 43. c5 dxc5 44. bxc5 bxc5 45. d6 c4 46. Bxc4 Re3+ 47. Kd2
Rxf3 48. Kc2 Rf2+ 49. Kc1 e4 50. Rb7 e3 51. Rf7 Ke5 52. d7 Rd2 53. Re7+ Kf4 54.
Bb5 Rd5 55. Rf7 Nxd7 56. Bxd7 e2 57. Re7 Rd1+ 0-1

[Event "European Rapid 2015"]
[Site "Minsk BLR"]
[Date "2015.12.19"]
[Round "5.22"]
[White "Huzman, Alexander"]
[Black "Potapov, Pavel"]
[Result "0-1"]
[WhiteTitle "GM"]
[BlackTitle "IM"]
[WhiteElo "2581"]
[BlackElo "2476"]
[WhiteFideId "2803828"]
[BlackFideId "4169786"]
[EventDate "2015.12.19"]

1. d4 d5 2. c4 e5 3. dxe5 d4 4. Nf3 Nc6 5. g3 Nge7 6. Bf4 h6 7. h4 Ng6 8. Bg2
Nxf4 9. gxf4 Bf5 10. Nbd2 d3 11. e3 a5 12. a3 a4 13. b4 axb3 14. Qxb3 Ra6 15. h5
Be7 16. Bh3 Bxh3 17. Rxh3 Nb4 18. Kf1 Nc2 19. Ra2 O-O 20. Qxb7 Rxa3 21. Rxa3
Bxa3 22. Qe4 Bb4 23. f5 Bxd2 24. Nxd2 Qa8 25. Qxd3 Qa1+ 26. Ke2 Qe1+ 27. Kf3
Qd1+ 28. Qe2 Ne1+ 0-1

[Event "European Rapid 2015"]
[Site "Minsk BLR"]
[Date "2015.12.19"]
[Round "5.23"]
[White "Landa, Konstantin"]
[Black "Fargere, Francois"]
[Result "1/2-1/2"]
[WhiteTitle "GM"]
[BlackTitle "GM"]
[WhiteElo "2625"]
[BlackElo "2424"]
[WhiteFideId "4101685"]
[BlackFideId "615935"]
[EventDate "2015.12.19"]

1. d4 d5 2. Nf3 Nf6 3. c4 c6 4. Qc2 dxc4 5. e4 b5 6. Be2 e6 7. O-O Bb7 8. b3
cxb3 9. axb3 Be7 10. Bd2 a5 11. Nc3 Na6 12. e5 Nb4 13. Qb1 Nd7 14. Ne4 Qb6 15.
Bg5 Bf8 16. Rc1 h6 17. Bd2 Be7 18. Be3 Nd5 19. Qd3 Kf8 20. Nc5 Nxc5 21. dxc5 Qc7
22. Qe4 Ba6 23. Nd2 g6 24. f4 Kg7 25. g4 Nxe3 26. Qxe3 b4 27. Bxa6 Rxa6 28. Ne4
Rha8 29. Ra4 Rd8 30. Nd6 Qa7 31. Kf2 f6 32. Kf3 fxe5 33. Qxe5+ Bf6 34. Qxe6 Qe7
35. Re1 Ra7 36. f5 Qxe6 37. Rxe6 gxf5 38. Nxf5+ Kf7 39. Rxc6 Rd3+ 40. Ke4 Rxb3
41. Nxh6+ Kg7 42. Nf5+ Kf7 43. Nd6+ Kg6 44. Nb5 Re7+ 45. Kd5 Rd3+ 46. Kc4 Rde3
47. Rd6 b3 48. Rd1 b2 49. Na3 Rc3+ 50. Kb5 Rc1 51. Rd6 Ra1 52. Rf4 Rxa3 53.
Rfxf6+ Kg7 54. Rf1 Ra1 55. Rdd1 Rb7+ 56. Ka6 Rxd1 57. Rxd1 a4 58. Kxb7 a3 59.
Rb1 a2 60. Rxb2 a1=Q 61. Rb6 Qe5 62. c6 Qe4 63. Kb8 Qe8+ 64. Kb7 Qe4 65. g5 Kf7
66. Kb8 Qe8+ 67. Kb7 Qe4 68. g6+ Kxg6 69. Ka7 Qe7+ 70. c7+ Kh5 71. Kb8 Qe5 72.
Kb7 Qd5+ 73. Ka7 Qc5 74. Kb7 Qd5+ 75. Kb8 Qe5 76. Rb4 Qc5 77. Rb3 Qe5 78. h3 Kg5
79. Rb4 Kh5 80. h4 Qc5 81. Rb7 Qe5 82. Rb4 Qc5 83. Rb2 Qe5 84. Rb6 Kxh4 85. Kb7
Qd5+ 86. Rc6 Qb5+ 87. Rb6 Qd5+ 88. Rc6 Qb5+ 1/2-1/2

[Event "European Rapid 2015"]
[Site "Minsk BLR"]
[Date "2015.12.19"]
[Round "5.24"]
[White "Savitskiy, Sergey"]
[Black "Chigaev, Maksim"]
[Result "0-1"]
[WhiteTitle "FM"]
[BlackTitle "IM"]
[WhiteElo "2365"]
[BlackElo "2526"]
[WhiteFideId "24105660"]
[BlackFideId "4108116"]
[EventDate "2015.12.19"]

1. Nf3 g6 2. g3 Bg7 3. Bg2 e5 4. d3 d5 5. O-O Ne7 6. Nbd2 O-O 7. e4 d4 8. Nc4
Nbc6 9. a4 a5 10. Nfd2 Be6 11. f4 Qd7 12. b3 Bg4 13. Nf3 exf4 14. gxf4 f5 15. e5
Nd8 16. Ba3 Ne6 17. Qd2 Rfe8 18. Ng5 Nxg5 19. fxg5 Nd5 20. Bb2 Bxe5 21. Nxe5
Rxe5 22. Rae1 Ne3 23. Rf4 c5 24. c3 Rae8 25. cxd4 Nc4 26. dxc4 Rxe1+ 27. Rf1
R1e2 28. Qc1 Rxb2 29. Qxb2 Qxd4+ 30. Qxd4 cxd4 31. Rf4 d3 32. Rd4 Re1+ 33. Kf2
Re2+ 34. Kg3 d2 35. Bf1 Re3+ 36. Kf2 Rf3+ 37. Kg2 Rxf1 38. Rxd2 Re1 0-1

[Event "European Rapid 2015"]
[Site "Minsk BLR"]
[Date "2015.12.19"]
[Round "5.25"]
[White "Goganov, Aleksey"]
[Black "Pustovoitova, Daria"]
[Result "1/2-1/2"]
[WhiteTitle "GM"]
[BlackTitle "FM"]
[WhiteElo "2597"]
[BlackElo "2356"]
[WhiteFideId "24109959"]
[BlackFideId "4182146"]
[EventDate "2015.12.19"]

1. d4 d5 2. c4 c6 3. Nc3 Nf6 4. cxd5 cxd5 5. Bf4 Nc6 6. e3 Bf5 7. Qb3 Na5 8.
Qa4+ Bd7 9. Qc2 e6 10. Nf3 Rc8 11. Bd3 Be7 12. h3 a6 13. Qe2 O-O 14. O-O Bb4 15.
Ne5 Bxc3 16. bxc3 Rxc3 17. Bg5 h6 18. Bxf6 gxf6 19. Qg4+ Kh8 20. Qf4 Kg7 21.
Qg4+ Kh8 22. Qh5 Kg7 23. Qg4+ Kh8 24. Qh4 Kg7 25. Qg3+ Kh8 26. Qf4 Kg7 27. Qg4+ 1/2-1/2

[Event "European Rapid 2015"]
[Site "Minsk BLR"]
[Date "2015.12.19"]
[Round "5.26"]
[White "Lobanov, Sergei"]
[Black "Belous, Vladimir"]
[Result "0-1"]
[BlackTitle "GM"]
[WhiteElo "2457"]
[BlackElo "2557"]
[WhiteFideId "24183750"]
[BlackFideId "4174003"]
[EventDate "2015.12.19"]

1. e4 c5 2. Nf3 Nc6 3. d4 cxd4 4. Nxd4 e5 5. Nb5 d6 6. N1c3 a6 7. Na3 b5 8. Nd5
Nge7 9. Bg5 f6 10. Qh5+ Ng6 11. Be3 Rb8 12. O-O-O Be6 13. f4 Bf7 14. f5 Nge7 15.
Qf3 Qc8 16. g4 Qb7 17. Kb1 Nxd5 18. exd5 Nd4 19. Rxd4 exd4 20. Bxd4 Bxd5 21.
Qe3+ Qe7 22. Rg1 Qxe3 23. Bxe3 Be4 24. Bg2 d5 25. Kc1 Bxa3 26. bxa3 Bxg2 27.
Rxg2 Kf7 28. Bd4 Rhe8 29. Kd2 Re4 30. Kd3 Rbe8 31. g5 Rf4 32. gxf6 gxf6 33. Rg1
Rf3+ 34. Kd2 Rxf5 35. a4 Re4 36. c3 b4 0-1